Statistics for Car Companies with 5 letters or less

Click here to take the quiz!

General Stats

  • This quiz has been taken 54 times
  • The average score is 10 of 24

Answer Stats

Car ModelCar Company% Correct
Taurus SHOFord
98%
ChargerDodge
80%
SportageKia
78%
OdysseyHonda
78%
645CiBMW
72%
WranglerJeep
72%
500CFiat
65%
A7Audi
63%
SierraGMC
50%
LS600hLexus
46%
IbizaSEAT
43%
LaCrosseBuick
41%
9-3XSAAB
39%
SuperbŠkoda
35%
PacerAMC
33%
TL Type-SAcura
33%
NivaLada
24%
MetroGeo
17%
SanderoDacia
11%
TFMG
9%
M12 GTO 3RNoble
7%
GC9Geely
2%
Prombron Iron DiamondDartz
0%
F3BYD
0%

Score Distribution

Percentile by Number Answered

Percent of People with Each Score

Your Score History

You have not taken this quiz